000 00498ntaaa2200169 4500
003 01
005 20251027203119.0
008 0714s1973 ag 01
040 _aAR-BaBN
_bspa
_cAR-BaBN
_eaacr
_dRIC
082 _a282.6761 G97
245 _aUn gusto de Vida Nueva: Testimonios de la experiencia de "Cristo es Comunión y Liberación-Vida" de Uganda.
250 _a1 ed.
300 _a103 p ;
_c20 cm
650 _aUganda--Religión
_932684
650 _aIglesia Católica--Uganda
_932685
942 _cBK
999 _c26581
_d26581